Michael Whelan's works of wonder
| Main Author: | |
|---|---|
| Format: | Book |
| Published: |
London :
Columbus Books ,
1987
|
| Subjects: |
MARC
| LEADER | 00000cam a2200000 7i4500 | ||
|---|---|---|---|
| 001 | 0000001112 | ||
| 002 | 000001228 | ||
| 005 | 20081223.0 | ||
| 020 | |a 0862873916 | ||
| 090 | 0 | 0 | |a 745 |b WHE |
| 100 | 1 | |a Whelan, Michael | |
| 245 | 1 | 0 | |a Michael Whelan's works of wonder |c Michael Whelan |
| 260 | |a London : |b Columbus Books , |c 1987 | ||
| 300 | |a 109p : |b ill ; |c 28cm. | ||
| 600 | 0 | 0 | |a Whelan, Michael |x Collected works |
| 650 | 0 | 0 | |a Art, Modern |y 1900-1999 [20th century] |
| 999 | |a 030298 |b BUKU |c PINJAMAN |e PERPUSTAKAAN KOMUNITI PETALING JAYA | ||